00570nam a22001817a 450000500170000001000140001702000260003103500130005703500130007003700130008308200100009610000160010624501050012226000390022727000770026630000260034350000190036920100812121419.0 aENG-99951 a9788132102915c225.00 aEN-83483 aG-001480 bDBAD/PUB a070.5 aCaro, Sarah aHow to publish your PHD :ba practical guide for the humanities and social sciences /cby Sarah Caro aNew DelhibSage Publicationsc2009 aB1/I-1 Mohan Cooperative Industrial Area Mathura RoadbNew Delhie110044 avii,136p.c19cm (pbk) aIncludes index